The American boy / (Record no. 23822)

MARC details
000 -LEADER
fixed length control field 02722nam a22003491 4500
005 - DATE AND TIME OF LATEST TRANSACTION
control field 20050808122104.0
008 - FIXED-LENGTH DATA ELEMENTS--GENERAL INFORMATION
fixed length control field 721219s1962 nyu 000 0 eng
010 ## - LCCN (DPL NO)
LC control number B-359284-294
020 ## - INTERNATIONAL STANDARD BOOK NUMBER
International Standard Book Number 9780007266739
Terms of availability 395.00
035 ## - SYSTEM CONTROL NUMBER
System control number B-359284-294
037 ## - SOURCE OF ACQUISITION
Source of stock number/acquisition Aakar Books
040 ## - CATALOGING SOURCE
Original cataloging agency dpl
Language of cataloging English
082 ## - DEWEY DECIMAL CLASSIFICATION NUMBER
Classification number N
100 ## - MAIN ENTRY--PERSONAL NAME
Personal name Taylor, Andrew
245 ## - TITLE STATEMENT
Title The American boy /
Statement of responsibility, etc by Andrew Taylor
260 ## - PUBLICATION, DISTRIBUTION, ETC. (IMPRINT)
Place of publication, distribution, etc London
Name of publisher, distributor, etc Harper Perennial
Date of publication, distribution, etc 2008
270 ## - ADDRESS
Address 77-85, Fulham Palace Road
City Hammersmith, London
Postal code W6 8JB
300 ## - PHYSICAL DESCRIPTION
Extent 485, 13p.
Dimensions 18 cm (pbk)
942 ## - ADDED ENTRY ELEMENTS (KOHA)
Source of classification or shelving scheme Dewey Decimal Classification
Item type English Books
Classification part N
Call number suffix TAY
Holdings
Withdrawn status Lost status Source of classification or shelving scheme Damaged status Not for loan Collection code Home library Current library Date acquired Source of acquisition Cost, normal purchase price Total Checkouts Total Renewals Full call number Barcode Date last seen Copy number Cost, replacement price Koha item type
    Dewey Decimal Classification     Fiction Bawana Bawana 10/11/2009 Aakar Books/I-514/5.9.06/18/5.6.09/30.9.09 395.00     N TAY B-359293 10/11/2009 1 395.00 English Books
    Dewey Decimal Classification     Fiction Central Library Central Library 16/02/2009 Aakar Books/I-514/5.9.06/18/5.6.09/30.9.09 395.00 3 2 N TAY B-359284 02/11/2019 1 395.00 English Books
  Written-off vide DLB M. No. 383 dt 16.05.19 Dewey Decimal Classification     Fiction Janak Puri Janak Puri 10/11/2009 Aakar Books/I-514/5.9.06/18/5.6.09/30.9.09 395.00 11   N TAY B-359288 28/06/2018 1 395.00 English Books
    Dewey Decimal Classification     Fiction Karol Bagh Karol Bagh 10/11/2009 Aakar Books/I-514/5.9.06/18/5.6.09/30.9.09 395.00     N TAY B-359291 10/11/2009 1 395.00 English Books
    Dewey Decimal Classification     Fiction Narela Narela 10/11/2009 Aakar Books/I-514/5.9.06/18/5.6.09/30.9.09 395.00     N TAY B-359292 10/11/2009 1 395.00 English Books
    Dewey Decimal Classification     Fiction Patel Nagar Patel Nagar 10/11/2009 Aakar Books/I-514/5.9.06/18/5.6.09/30.9.09 395.00     N TAY B-359285 10/11/2009 1 395.00 English Books
    Dewey Decimal Classification     Fiction Peshwa Road Peshwa Road 10/11/2009 Aakar Books/I-514/5.9.06/18/5.6.09/30.9.09 395.00     N TAY B-359286 10/11/2009 1 395.00 English Books
    Dewey Decimal Classification     Fiction Sarojini Nagar Sarojini Nagar 10/11/2009 Aakar Books/I-514/5.9.06/18/5.6.09/30.9.09 395.00     N TAY B-359289 10/11/2009 1 395.00 English Books
    Dewey Decimal Classification     Fiction Shahdara Branch Shahdara Branch 10/11/2009 Aakar Books/I-514/5.9.06/18/5.6.09/30.9.09 395.00 2 1 N TAY B-359294 28/01/2023 1 395.00 English Books
    Dewey Decimal Classification     Fiction Tri Nagar Tri Nagar 10/11/2009 Aakar Books/I-514/5.9.06/18/5.6.09/30.9.09 395.00 1   N TAY B-359287 01/02/2021 1 395.00 English Books
    Dewey Decimal Classification     Fiction Vinoba Puri Vinoba Puri 10/11/2009 Aakar Books/I-514/5.9.06/18/5.6.09/30.9.09 395.00 14 3 N TAY B-359290 09/04/2016 1 395.00 English Books

© Delhi Public Library
Hit Counter
free hit counter